|
|
|
|
| LEADER |
01839nam a2200469 i 4500 |
| 001 |
nkc20203257070 |
| 003 |
CZ PrNK |
| 005 |
20210902142234.0 |
| 007 |
ta |
| 008 |
201006s2020 xr ab e p 000 0 cze |
| 015 |
|
|
|a cnb003257070
|
| 020 |
|
|
|a 978-80-213-3043-6
|q (brožováno)
|
| 035 |
|
|
|a (OCoLC)1267679999
|
| 040 |
|
|
|a BOA001
|b cze
|d ABA001
|e rda
|
| 072 |
|
7 |
|a 630
|x Lesnictví
|2 Konspekt
|9 24
|
| 072 |
|
7 |
|a 37.016
|x Učební osnovy. Vyučovací předměty. Učebnice
|2 Konspekt
|9 22
|
| 080 |
|
|
|a 630.2
|2 MRF
|
| 080 |
|
|
|a (075.8)
|2 MRF
|
| 100 |
1 |
|
|a Vacek, Zdeněk
|7 ola2010548356
|4 aut
|
| 245 |
1 |
0 |
|a Základy pěstování lesů /
|c Zdeněk Vacek, Stanislav Vacek, Lukáš Bílek, Martin Baláš
|
| 250 |
|
|
|a První vydání
|
| 264 |
|
1 |
|a V Praze :
|b Česká zemědělská univerzita v Praze,
|c 2020
|
| 300 |
|
|
|a 118 stran :
|b ilustrace (převážně barevné), mapy ;
|c 25 cm
|
| 336 |
|
|
|a text
|b txt
|2 rdacontent
|
| 337 |
|
|
|a bez média
|b n
|2 rdamedia
|
| 338 |
|
|
|a svazek
|b nc
|2 rdacarrier
|
| 500 |
|
|
|a Nad názvem: Česká zemědělská univerzita v Praze, Fakulta lesnická a dřevařská
|
| 500 |
|
|
|a 120 výtisků
|
| 504 |
|
|
|a Obsahuje bibliografii
|
| 650 |
0 |
7 |
|a pěstování lesa
|7 ph124859
|2 czenas
|
| 650 |
0 |
9 |
|a forest cultivation
|2 eczenas
|
| 655 |
|
7 |
|a učebnice vysokých škol
|7 fd133772
|2 czenas
|
| 655 |
|
9 |
|a textbooks (higher)
|2 eczenas
|
| 700 |
1 |
|
|a Vacek, Stanislav,
|d 1954-
|7 mzk2003188960
|4 aut
|
| 700 |
1 |
|
|a Bílek, Lukáš
|7 ola2003209092
|4 aut
|
| 700 |
1 |
|
|a Baláš, Martin
|7 jo2013782978
|4 aut
|
| 710 |
2 |
|
|a Česká zemědělská univerzita v Praze.
|b Lesnická a dřevařská fakulta
|7 ko2007416980
|4 isb
|
| 910 |
2 |
|
|a BOA001
|b 2-1471.024
|
| 990 |
|
|
|a BK
|
| 995 |
|
|
|a 01
|
| 991 |
|
|
|b 202108
|c NOV
|
| 996 |
6 |
|
|b 2610874039
|c 2-1471.024
|l MZK
|r Sklad / do 1 hodiny
|n 2
|p p.v.
|w 001859189
|u 000010
|a 1
|e BOA001
|j MZK50
|s P
|